000 00637nam a22002297a 4500
003 LK-CoDNM
005 20250228140314.0
008 250224b |||||||| |||| 00| 0 eng d
040 _aLK-CoDNM
_dLK-CoDNM
_eLK-CoDNM
041 _adut
080 _aRC
_b599
100 _aKare R. van Kooji, Roelof J. Munneke, Leelananda Prematilleke and Roland Silva
245 _aDe Wijze en de goden
260 _aKoningsplein, Brussel
_bBan Brussel Lambert
_c1994
300 _aXXVI, 96p. , Ill, ; 30cm
650 _aCeylon
650 _aCivilization
650 _aDutch
650 _aSri Lanka
650 _aHistory
942 _cBK
999 _c238568
_d238568